- Experiencia religiosa
Entrada Tema o Materia
Número de registros utilizados en: 13
001 - NUMERO DE CONTROL
- Campo de control: 952
003 - IDENTIFICADOR DEL NUMERO DE CONTROL
- Campo de control: CO-MdFUSB
005 - HORA Y FECHA DE LA ULTIMA TRANSACCIÓN
- Campo de control: 20170906122040.0
008 - CAMPO DE LONGITUD FIJA
- Campo fijo de descripción fija: 060505n| acannaabn |a aaa
040 ## -
- : CO-MdFUSB
- : CO-MdFUSB
053 #0 - NUMERO DE CLASIFICACIÓN (LC)
- Número clasificador : BL53
- Término explicativo: Psychology of religion
053 #0 - NUMERO DE CLASIFICACIÓN (LC)
- Número clasificador : BR110
- Término explicativo: Philosophy and Christianity
053 #0 - NUMERO DE CLASIFICACIÓN (LC)
- Número clasificador : BV4912
- Número del ítem: BV4915
- Término explicativo: Conversión
150 ## - ENCABEZAMIENTO DE MATERIA-TEMA
- Téma o Materia: Experiencia religiosa
450 ## - REFERENCIA DE ENVIO “VEASE” - MATERIA
- Encabezamiento temático : Experiencia (Religión)
550 ## - REFERENCIA DE ENVIO "VEASE ADEMAS" - MATERIA
- Encabezamiento temático o nombre geográfico como elemento de entrada: Psicología de la religión
- Subcampo de control: g
550 ## - REFERENCIA DE ENVIO "VEASE ADEMAS" - MATERIA
- Encabezamiento temático o nombre geográfico como elemento de entrada: Alucinógenos y experiencias religiosas
- Subcampo de control: h
670 ## - FUENTE EN LA QUE SE LOCALIZARON DATOS
- Cita de la fuente : ARMARC
670 ## - FUENTE EN LA QUE SE LOCALIZARON DATOS
- Cita de la fuente : LCSH
750 ## - ASIENTO LIGADO AL ENCABEZAMIENTO - TEMATICO
- Número de control del registro: sh 85046434
- Encabezamiento temático : Experience (Religion)
